<?xml version="1.0" encoding="UTF-8"?>
<collection xmlns="http://www.loc.gov/MARC21/slim">
 <record>
  <leader>02631nam a2200277 a 4500</leader>
  <controlfield tag="001">1/44658</controlfield>
  <controlfield tag="008">140624s2002    us            001 0 eng  </controlfield>
  <datafield tag="020" ind1=" " ind2=" ">
   <subfield code="a">9781928994503</subfield>
  </datafield>
  <datafield tag="020" ind1=" " ind2=" ">
   <subfield code="a">1928994504</subfield>
  </datafield>
  <datafield tag="035" ind1=" " ind2=" ">
   <subfield code="l">47612</subfield>
  </datafield>
  <datafield tag="040" ind1=" " ind2=" ">
   <subfield code="a">OPELS</subfield>
   <subfield code="b">eng</subfield>
   <subfield code="c">OPELS</subfield>
   <subfield code="d">DEBBG</subfield>
   <subfield code="d">OCLCQ</subfield>
   <subfield code="d">OPELS</subfield>
   <subfield code="d">OCLCQ</subfield>
   <subfield code="d">OCLCF</subfield>
   <subfield code="d">GR-PeUP</subfield>
  </datafield>
  <datafield tag="245" ind1="0" ind2="0">
   <subfield code="a">C# .net</subfield>
   <subfield code="h">[electronic resource] :</subfield>
   <subfield code="b">web developer's guide /</subfield>
   <subfield code="c">Adrian Turtschi .. ... [et al.] ; Saurabh Nandu, technical editor.</subfield>
  </datafield>
  <datafield tag="260" ind1=" " ind2=" ">
   <subfield code="a">Rockland, Mass. :</subfield>
   <subfield code="b">Syngress,</subfield>
   <subfield code="c">c2002.</subfield>
  </datafield>
  <datafield tag="300" ind1=" " ind2=" ">
   <subfield code="a">1 online resource (xxii, 793 p.) :</subfield>
   <subfield code="b">ill.</subfield>
  </datafield>
  <datafield tag="520" ind1=" " ind2=" ">
   <subfield code="a">Microsoft's C# (&quot;C sharp&quot;) is a modern, object-oriented programming language built from the ground up to exploit the power of XML-based Web services on Microsoft's new .NET platform. With its Visual C++ development system heritage, C# will enable millions of C and C++ developers to use existing skills to rapidly build sophisticated XML-based .NET applications. Why Will Web Developers Switch to C#? ... Because it's the ideal solution for C and C++ programmers who need to combine rapid development with the power to access all the functionality of the Microsoft.NET platform. They want an environment that is completely in sync with emerging Web standards and one that provides easy integration with existing applications. C#.net Web Developer's Guide will enhance developer productivity and help them eliminate programming errors that can lead to increased development costs. This book teaches Web developers to quickly and easily build solutions for the Microsoft .NET platform. Web developers will learn to use C# components to build Web services and applications that are available across the Internet, from any application running on any platform. * Timely coverage of newly released product - programmers and developers are anxious to learn about the new technology * Comes with Syngress' revolutionary wallet-sized CD containing a printable HTML version of the book and all of the source code examples and demos of popular C# upgrade and programming tools.</subfield>
  </datafield>
  <datafield tag="500" ind1=" " ind2=" ">
   <subfield code="a">Includes index.</subfield>
  </datafield>
  <datafield tag="500" ind1=" " ind2=" ">
   <subfield code="a">&quot;Develop and deliver enterprise-critical desktop and web applications with C#.net&quot;--Cover.</subfield>
  </datafield>
  <datafield tag="650" ind1=" " ind2="4">
   <subfield code="a">C# (Computer program language).</subfield>
  </datafield>
  <datafield tag="650" ind1=" " ind2="4">
   <subfield code="a">Microsoft .NET Framework.</subfield>
  </datafield>
  <datafield tag="650" ind1=" " ind2="4">
   <subfield code="a">Programming languages (Electronic computers).</subfield>
  </datafield>
  <datafield tag="655" ind1=" " ind2="4">
   <subfield code="a">Electronic books.</subfield>
  </datafield>
  <datafield tag="700" ind1="1" ind2=" ">
   <subfield code="a">Turtschi, Adrian.</subfield>
  </datafield>
  <datafield tag="852" ind1=" " ind2=" ">
   <subfield code="a">INST</subfield>
   <subfield code="b">UNIPILB</subfield>
   <subfield code="c">EBOOKS</subfield>
   <subfield code="e">20140624</subfield>
   <subfield code="p">00b47612</subfield>
   <subfield code="q">00b47612</subfield>
   <subfield code="t">ONLINE</subfield>
   <subfield code="y">0</subfield>
  </datafield>
  <datafield tag="856" ind1="4" ind2="0">
   <subfield code="3">ScienceDirect</subfield>
   <subfield code="u">http://www.sciencedirect.com/science/book/9781928994503</subfield>
  </datafield>
  <datafield tag="856" ind1="4" ind2=" ">
   <subfield code="d">/webopac/covers/03/47612_9781928994503.jpg</subfield>
  </datafield>
  <datafield tag="856" ind1="4" ind2=" ">
   <subfield code="d">/webopac/covers/03/47612_1928994504.jpg</subfield>
  </datafield>
 </record>
</collection>
